000 00891nmc a2200301 a 4500
003 AR-BaBNM
005 20251128210655.0
008 100120s1999 ||||||||||||||000 | spa||
020 _a950-694-601-9
040 _cAR-BaBNM
100 1 _aMargheritis, Ana
245 1 0 _aAjuste y reforma en Argentina [1989-1995]
_bla economía política de las privatizaciones
260 _aBuenos Aires
_bNuevohacer
_c1999
300 0 _a358 p.
_btablas, gráfs.
490 0 _aEstudios políticos y sociales
500 0 _aContiene referencias bibliográficas
650 4 _aREFORMA DEL ESTADO
650 4 _aHISTORIA ECONOMICA
650 4 _aRELACIONES INTERNACIONALES
650 4 _aINVERSIONES EXTRANJERAS
650 4 _aDEMOCRACIA
650 4 _aPOLITICA GUBERNAMENTAL
650 4 _aECONOMIA LIBRE
650 4 _aLIBERALISMO
653 0 _aPRIVATIZACIONES
942 _cBK
998 _cMariana
999 _c16385
_d16385